| 000 | 00603nam a2200169 4500 | ||
|---|---|---|---|
| 003 | CO-ViMGA | ||
| 040 |
_aCO-ViMGA _bspa _cCO-ViMGA |
||
| 082 | 0 | 4 |
_aFr780.9861 _bV23m |
| 100 | 1 |
_aVega Roa, Fabio _911076 |
|
| 245 | 1 | 0 |
_aMaracas : _bGuia de iniciacion para el aprendizaje de las maracas llaneras / _cFabio Vega Roa |
| 260 |
_aVillavicencio (Colombia) : _bCorporacion Mar Verde, _c2013. |
||
| 300 |
_a41 p. : _bfotos, il. ; 27 cm. |
||
| 650 | 1 | 4 |
_aInstrumentos musicales _zLlanos (Colombia) _911078 |
| 650 | 1 | 4 |
_aMusica Folclorica _zLlanos (Colombia) _911077 |
| 650 | 1 | 4 |
_aMusica llanera _911079 |
| 942 |
_2ddc _cBK |
||
| 999 |
_c36857 _d36857 |
||